| Поле | Инд. | ПП | Название | Значение |
|---|---|---|---|---|
| Тип записи | a | |||
| Библиографический уровень | m | |||
| 001 | _ | Контрольный номер | RU\infra-m\znanium\bibl\1858824 | |
| 005 | _ | Дата корректировки | 20250915104053.4 | |
| 008 | Кодируемые данные | 221123s2022 RU g rus u | ||
| 020 | a | ISBN | 978-5-16-006180-1 | |
| 020 | a | ISBN | 978-5-16-100942-0 | |
| 040 | a | Служба первич. каталог. | Общество с ограниченной ответственностью «ЗНАНИУМ» | |
| 041 | a | Код языка текста | rus | |
| 044 | a | Код страны публикации | RU | |
| 080 | a | Индекс УДК | 658.(075.8) | |
| 084 | 2 | Источник индекса | rubbk | |
| a | Индекс другой классификации/Индекс ББК | 65.5я73 | ||
| 084 | 2 | Источник индекса | okso | |
| a | Индекс другой классификации/Индекс ББК | 38.03.01 | ||
| 084 | 2 | Источник индекса | okso | |
| a | Индекс другой классификации/Индекс ББК | 44.03.01 | ||
| 084 | 2 | Источник индекса | okso | |
| a | Индекс другой классификации/Индекс ББК | 44.03.05 | ||
| 100 | 1_ | a | Автор | Косов Николай Степанович |
| q | Полное имя | Николай Степанович | ||
| 245 | a | Заглавие | Микроэкономика | |
| b | Продолж. заглавия | Учебное пособие | ||
| c | Ответственность | Российская академия народного хозяйства и государственной службы при Президенте РФ, ф-л Среднерусский институт управления; Российская академия народного хозяйства и государственной службы при Президенте РФ, ф-л Среднерусский институт управления | ||
| 250 | a | Основные сведения об издании | 1 | |
| 260 | a | Место издания | Москва | |
| b | Издательство | ООО "Научно-издательский центр ИНФРА-М" | ||
| c | Дата издания | 2022 | ||
| 300 | a | Объем | 247 с. | |
| 440 | a | Серия | Высшее образование: Магистратура | |
| 520 | a | Аннотация | Учебное пособие содержит теоретические основы микроэкономики и предназначено для подготовки бакалавров по направлению «Экономика» а также для самого широкого круга читателей интересующихся современной экономикой. Оно знакомит читателей с миром новых для них понятий и категорий с принципами эффективной организации хозяйственной деятельности с отношениями между людьми и механизмом координации их усилий в процессе производства товаров и услуг направленных на удовлетворение общественных потребностей. | |
| 521 | a | Примеч. о целев. назн. | ВО - Бакалавриат | |
| 650 | a | Основная рубрика | Экономика. Бухгалтерский учет. Финансы | |
| x | Основная подрубрика | Микроэкономика | ||
| 700 | 1_ | a | Другие авторы | Саталкина Нина Ивановна |
| q | Полное имя | Нина Ивановна | ||
| 700 | 1_ | a | Другие авторы | Терехова Галина Ивановна |
| q | Полное имя | Галина Ивановна | ||
| 852 | x | Примечание, не предназначенное для пользователя | znanium2023 | |
| 856 | 4_ | a | Имя сервера/домена | znanium.com |
| m | Помощь | ebs_support@infra-m.ru | ||
| n | Местонахождение сервера | НИЦ ИНФРА-М | ||
| u | URL | https://znanium.com/catalog/document?id=400909 | ||
| z | Примечание для пользователя | Участвует в КО | ||
| 856 | 41 | a | Имя сервера/домена | znanium.com |
| d | Путь | /cover/1858 | ||
| f | Электронное имя | 1858824.jpg | ||
| q | Тип электронного формата | image/jpeg | ||
| u | URL | https://znanium.com/cover/1858/1858824.jpg |